The tabernacle in the wilderness. (Record no. 2521)

000 -LEADER
fixed length control field 00673nam a2200217 a 4500
001 - CONTROL NUMBER
control field :::00000246$&:&@@
003 - CONTROL NUMBER IDENTIFIER
control field OkBaRHE
005 - DATE AND TIME OF LATEST TRANSACTION
control field 20100108131807.0
008 - FIXED-LENGTH DATA ELEMENTS--GENERAL INFORMATION
fixed length control field s1982 j 000 0 eng u
020 ## - INTERNATIONAL STANDARD BOOK NUMBER
International Standard Book Number 0825436168 (pbk.)
040 ## - CATALOGING SOURCE
Transcribing agency
100 1# - MAIN ENTRY--PERSONAL NAME
Personal name Ritchie, John, 1853-1930.
245 14 - TITLE STATEMENT
Title The tabernacle in the wilderness.
260 ## - PUBLICATION, DISTRIBUTION, ETC. (IMPRINT)
Place of publication, distribution, etc Kilmarnock, UK:ST., :
Name of publisher, distributor, etc J. Ritchie
Date of publication, distribution, etc 1982
300 ## - PHYSICAL DESCRIPTION
Extent 120 p. : illus. ;
Dimensions 19 cm.
490 0# - SERIES STATEMENT
Series statement John Ritchie memorial library.
650 ## - SUBJECT ADDED ENTRY--TOPICAL TERM
Topical term or geographic name as entry element Tabernacle
General subdivision Typology.
650 ## - SUBJECT ADDED ENTRY--TOPICAL TERM
Topical term or geographic name as entry element Typology (Theology).
942 ## - ADDED ENTRY ELEMENTS (KOHA)
Source of classification or shelving scheme
Koha item type Books
Copies
Permanent Location Date acquired Source of classification or shelving scheme Shelving location Koha item type Date last seen Withdrawn status Full call number Lost status Barcode Damaged status Copy number Not for loan Price effective from
RHEMA Bible Training College2010-04-14 General StacksBooks2010-04-14 BM 654 .R6 246 1 2010-04-14